Nordamerikanische Millionenstädte - Sudden Death - Statistiken

Allgemein
  • Dieses Quiz wurde 554 mal gespielt
  • Das Durchschnittsergebnis liegt bei 2 aus 15
Answers on the Grid
Answers color-coded by a green-red scale on the quiz's grid according to % correct below.
Baltimore
Boston
Calgary
Cincinnati
Ciudad Juárez
Dallas
Denver
Ecatepec de Morelos
Las Vegas
Managua
Miami
Mississauga
Monterrey
Nezahualcóyotl
Ottawa
Philadelphia
Pittsburgh
Portland
San Antonio
San Diego
San Francisco
San Juan
Santo Domingo
Seattle
Tegucigalpa
Tijuana
Vancouver
Washington D.C.
Winnipeg
Zapopan
 
Antwortstatistiken
Antwort % Korrekt
Dallas
55%
Philadelphia
32%
San Diego
21%
Calgary
18%
San Antonio
16%
Ciudad Juárez
14%
Monterrey
13%
Tijuana
10%
Santo Domingo
8%
Ottawa
7%
Tegucigalpa
5%
Ecatepec de Morelos
4%
Managua
3%
Nezahualcóyotl
2%
Zapopan
2%
Keine übereinstimmenden Quizze gefunden
Verteilung der Resultate
Anzahl Personen mit jedem Resultat
Perzentil nach korrekt beantworteten Fragen
Ihre Resultats-Entwicklung
Sie haben dieses Quiz noch nicht gespielt